Skills for social progress <the> power of social and emotional skills

Guardado en:
Detalles Bibliográficos
Formato: Libro
Lenguaje:inglés
Publicado: Paris OECD 2015
Colección:OECD skills studies
Materias:
Etiquetas: Agregar Etiqueta
Sin Etiquetas, Sea el primero en etiquetar este registro!

MARC

LEADER 00000nam a2200000 4500
001 0212319
005 20240314123457.0
020 |a 978-92-64-22614-2 
041 0 |a eng 
044 |a FR 
245 1 0 |a Skills for social progress  |b <the> power of social and emotional skills 
264 1 |a Paris  |b OECD  |c 2015 
300 |a 136 s. 
490 1 |a OECD skills studies 
830 0 |a OECD skills studies 
610 2 0 |a vzdelávanie 
610 2 0 |a zručnosti 
610 2 0 |a pokrok 
610 2 0 |a situácia sociálna 
610 2 0 |a emócie 
610 2 0 |a školstvo 
610 2 0 |a porovnanie štatistické medzinárodné